|
|
|
|
| LEADER |
00000nam a2200000 a 4500 |
| 001 |
vtls009281194 |
| 003 |
SK-MaSNL |
| 005 |
20260301081555.0 |
| 008 |
240315s2008 xo dl d p 000 0 slo |
| 015 |
|
|
|a SNBA2008/05-02262
|
| 020 |
|
|
|a 9788022524896
|q (brož.)
|
| 035 |
|
|
|a D29F5A7D-036D-445E-9809-B78B187079AF
|
| 035 |
|
|
|a urn:nbn:sk:snk-aml6sr
|
| 035 |
|
|
|a urn:nbn:sk:snk-am008uad
|
| 040 |
|
|
|a SNK
|b slo
|c SNK
|e AACR2
|
| 041 |
0 |
|
|a slo
|
| 044 |
|
|
|a xo
|c SK
|
| 072 |
|
7 |
|a 33
|x Ekonómia
|2 konspekt
|
| 072 |
|
7 |
|a 37.016
|x Učebné osnovy. Vyučovacie predmety. Učebnice
|2 konspekt
|
| 080 |
|
|
|a 33
|2 2001
|
| 080 |
|
|
|a (075.8)
|2 2001
|
| 100 |
1 |
|
|a Hontyová, Kajetana,
|d 1948-
|4 aut
|9 39493
|
| 245 |
1 |
0 |
|a Základy ekonómie a ekonomiky
|c Kajetana Hontyová, Ján Lisý, Helena Majdúchová
|
| 250 |
|
|
|a [1.] aktual. a preprac. vyd.
|
| 260 |
|
|
|a Bratislava
|b Ekonóm
|c 2008
|
| 300 |
|
|
|a 193 s.
|b grafy, tab.
|c 21 cm
|
| 504 |
|
|
|a Pozn. Zoz. skrat. a symbolov
|
| 650 |
0 |
7 |
|a ekonómia
|2 SNKPH
|9 788
|
| 655 |
|
7 |
|a učebnice vysokých škôl
|2 SNKPH
|9 70191
|
| 700 |
1 |
|
|a Lisý, Ján,
|d 1950-
|4 aut
|9 216186
|
| 700 |
1 |
|
|a Majdúchová, Helena,
|d 1963-
|4 aut
|9 203290
|
| 919 |
|
|
|a 978-80-225-2489-6
|
| 958 |
|
|
|a OND
|
| 968 |
|
|
|d 33
|
| 999 |
|
|
|c 656243
|d 658173
|
| 952 |
|
|
|a SNK
|b SNK
|y PREZ
|7 0
|p 17A0584207
|o snkSC 131341
|i snk2008/7285
|8 0
|0 0
|1 0
|4 0
|d 2008-04-01
|f 1
|l 0
|r 2025-06-23 00:00:00
|w 2026-02-23
|
| 952 |
|
|
|a SNK
|b SNK
|y VYP
|7 0
|p 17A0584208
|o snkSC 131341 D1
|i snk2008/7286
|8 0
|0 0
|1 0
|4 0
|d 2008-04-01
|l 0
|r 2026-02-23 18:37:12
|w 2026-02-23
|